00729 a2200205 450000500170000000800410001702000180005804000500007604100080012610000240013424500820015826000690024030000550030950000210036465000210038565000360040665000260044265000280046865000270049620151117112028.0151111s2011 xxud fr|||| 001 0 eng d a9781935842187 aCO-BoUCMbspacSandra PalaciodSandra Palacio0 aeng1 aSteinemann, Anne C.10aMicroeconomics for public decisionsbfor public decisionscAnne C. Steinemann c2011baskmar publishingaMenlo Park (California, Estados Unidos) axix, 426 páginasbTablas, gráficos y diagramas aIncluye índice 7aMicroeconomía  7aDemanda (Teoría económica)  7aConsumo (Economía)  7aAnálisis de mercadeo  7aEconomía de mercado